Operating Systems (Record no. 2838)

MARC details
000 -LEADER
fixed length control field 00308nam a2200133Ia 4500
008 - FIXED-LENGTH DATA ELEMENTS--GENERAL INFORMATION
fixed length control field 191201s2007 xx 000 0 und d
100 ## - MAIN ENTRY--PERSONAL NAME
Personal name DEITEL, HM
245 #0 - TITLE STATEMENT
Title Operating Systems
250 ## - EDITION STATEMENT
Edition statement 3rd
260 ## - PUBLICATION, DISTRIBUTION, ETC. (IMPRINT)
Place of publication, distribution, etc N.Delhi
Name of publisher, distributor, etc Pearson Education
Date of publication, distribution, etc 2007
300 ## - PHYSICAL DESCRIPTION
Extent 1208
650 ## - SUBJECT ADDED ENTRY--TOPICAL TERM
Topical term or geographic name as entry element B.Tech(IT)
942 ## - ADDED ENTRY ELEMENTS (KOHA)
Source of classification or shelving scheme Dewey Decimal Classification
Koha item type Text Books
Holdings
Withdrawn status Lost status Source of classification or shelving scheme Damaged status Not for loan Collection code Home library Current library Date acquired Source of acquisition Cost, normal purchase price Bill Number Total Checkouts Full call number Acc. no. / Barcode Date last seen Bill Date Koha item type Date last borrowed Public note
    Dewey Decimal Classification     B.Tech(IT) PIET C-LIBRARY PIET C-LIBRARY 18/08/2007 J B C, New Delhi 585.00 702   005.43 DEO 6321 04/12/2019 28/07/2007 Text Books    
    Dewey Decimal Classification     B.Tech(IT) PIET C-LIBRARY PIET C-LIBRARY 18/08/2007 J B C, New Delhi 585.00 702   005.43 DEO 6322 04/12/2019 28/07/2007 Text Books    
    Dewey Decimal Classification     Computer Science & Engineering in Cyber Security PIET C-LIBRARY PIET C-LIBRARY 18/08/2007 J B C, New Delhi 585.00 702 1 005.43 DEO 6323 23/04/2024 28/07/2007 Text Books 12/04/2024  
    Dewey Decimal Classification     Computer Science & Engineering in Cyber Security PIET C-LIBRARY PIET C-LIBRARY 18/08/2007 J B C, New Delhi 585.00 702 1 005.43 DEO 6324 13/03/2025 28/07/2007 Text Books 21/01/2022 .

Design & Developed by: PIET Central Library
R70 Miles Stone Pattikalyana Samalkha Panipat 132102
mail ID :- [email protected], Phone No:- 0180-2569700 Ex.216